000 01043cam a22002892 4500
001 0000002285
005 20151217151847.0
008 070405s xx 000 0 eng d
020 _a0130829609 :
_cKES 5,125
040 _aKABU
_cKABU
050 0 _aHF5548.2
_b.C55 2000
100 1 _aClifton, Harold Dennis,
_d1927-.
_@0000151609
245 1 0 _aBusiness information systems /
_cH. D. Clifton, D. C. Ince, A. G. Sutcliffe.
250 _a6th ed.
260 _aNew York :
_bFinancial Times Prentices Hall,
_c2000.
300 _axiii, 461 p. ;
_c25 cm.
504 _aIncludes bibliographical references and index.
650 0 _aBusiness
_xData processing.
_@0000151604
650 0 _aSystems analysis.
_@0000148449
700 1 _aInce, D. C.
_@0000151610
700 1 _aSutcliffe, Alistair,
_d1951-.
_@0000151611
908 _a070405
950 _@1
999 _c5763
_d5763